000 00407nam a2200181Ia 4500
008 151202s9999||||xx |||||||||||||| ||und||
082 _bPNVM-9952
100 _aDAVIES.
245 _aMISSION TO MOSCOW.
260 _b"HERSON,LONDON."
260 _c0
300 _a234
600 _aDAVIES.
630 _aMISSION TO MOSCOW.
700 _aDAVIES.
730 _aMISSION TO MOSCOW.
942 _cBOOK
999 _c1275941
_d1275938